| 000 | 00702 a2200181 4500 | ||
|---|---|---|---|
| 003 | Nust | ||
| 005 | 20170207153519.0 | ||
| 040 | _cNust | ||
| 082 | _a005.1 | ||
| 100 | _aTanveer, Muhammad (MSCS-14) | ||
| 245 |
_aA Bayesian approach to face hallucination using DLPP and KRR _cMuhammad Tanveer |
||
| 260 |
_bMCS,NUST _c2010 _aRawalpindi |
||
| 300 | _axii, 67,p.; | ||
| 505 | _aIntroduction (page-1) Background and related work (page-7) Manifold learning algorithms (page-15) DLPP, MAP and KRR (page-26) Methdology and system design (page-350 Evaluation,comparsion and results (page-42) Summary and future work (page-55) | ||
| 538 | _aAlmirah No 69 Shelf No 4 | ||
| 650 | _aPG Thesis | ||
| 651 | _aMSCS-14 | ||
| 942 | _cTHS | ||
| 999 |
_c187613 _d187613 |
||